00996 a2200181 4500003000500000005001700005010001300022020001500035040000900050082001700059100002100076245005400097260002600151300002400177505055600201600002200757650003500779Nust20221103154042.0 a62010924 a9971512351 cNust a621.3192,KUO aKuo, Franklin F. aNetwork analysis and synthesis /cFranklin F. Kuo aWileybNew Yorkc1962 a413 pbillusc24 cm aSignals and Systems (Page-1), Signals and Waveforms (Page-21), Differential Equations (Page-66), Network Analysis (I) (Page-89), The Fourier and Laplace Transforms (Page-166), Transform Methods in Network Analysis (Page-148), Poles and Zeros (Page-183), Network Analysis (II) (Page-224), Elements of Realizability Theory (Page-255), Synthesis of One-Port Networks With Two Kinds of Elements (Page-279), Elements of Transfer Function Synthesis (Page-304), Some Problems in Filter Design (Page-327), The Scattering Matrix (Page-365).  aKuo, Franklin F., aNetwork analysis and synthesis